[Event "Coupe Jean-Claude Loubatiere"]
[Site "Aurec"]
[Date "2010.12.05"]
[Round "1.1"]
[White "Boeuf, Jean-Julien"]
[Black "Minchilli, Franco"]
[Result "0-1"]
[WhiteElo "1420"]
[BlackElo "1690"]
[PlyCount "70"]
[EventDate "2010.??.??"]

1. e4 c6 2. d4 d5 3. exd5 cxd5 4. Bd3 Nf6 5. Bf4 e6 6. Nf3 Nc6 7. c3 Bd6 8.
Bxd6 Qxd6 9. Nbd2 O-O 10. O-O Ne7 11. Re1 Ng6 12. Nf1 Bd7 13. Ng3 Rfe8 14. Ne5
Bc6 15. Re3 Re7 16. Nh5 Nd7 17. Nxd7 Bxd7 18. Qe2 f5 19. Qf1 e5 20. dxe5 Nxe5
21. Rae1 Rae8 22. c4 Qh6 23. Nxg7 f4 24. Nxe8 fxe3 25. Rxe3 Bxe8 26. cxd5 Qd6
27. Rg3+ Bg6 28. Bxg6 hxg6 29. Qb1 Qxd5 30. h4 Qd2 31. Re3 Qd6 32. Qc2 Rc7 33.
Qb3+ Kh7 34. Re4 Rc1+ 35. Kh2 Nf3+ 0-1

[Event "Coupe Jean-Claude Loubatiere"]
[Site "Aurec"]
[Date "2010.12.05"]
[Round "1.2"]
[White "Doran, Niall"]
[Black "Martin, Julien"]
[Result "0-1"]
[WhiteElo "1480"]
[BlackElo "1410"]
[PlyCount "74"]
[EventDate "2010.??.??"]

1. e4 e5 2. Nf3 Nc6 3. Bb5 Qf6 4. d3 Bc5 5. O-O Nd4 6. Nxd4 Bxd4 7. c3 Bc5 8.
Be3 Be7 9. f4 c6 10. fxe5 Qxe5 11. Ba4 Nf6 12. Nd2 d5 13. d4 Qc7 14. e5 Ng4 15.
Bf4 Qd8 16. h3 Nh6 17. Bxh6 gxh6 18. Qh5 Be6 19. Qxh6 Qd7 20. Nf3 O-O-O 21. Kh1
Rdg8 22. Qe3 Rg6 23. Bc2 Rg7 24. Rf2 Rhg8 25. Rg1 Rg3 26. Qc1 Bxh3 27. e6 Bxe6
28. Ne5 Qd6 29. Qf1 R3g7 30. Bf5 Bxf5 31. Rxf5 f6 32. g3 fxe5 33. Qe2 Qh6+ 34.
Kg2 Rxg3+ 35. Kf2 Qh2+ 36. Rg2 Qxg2+ 37. Ke1 Re3 0-1

[Event "Coupe Jean-Claude Loubatiere"]
[Site "Aurec"]
[Date "2010.12.05"]
[Round "1.3"]
[White "Piper, Stephane"]
[Black "Schlick, Paul"]
[Result "0-1"]
[WhiteElo "1499"]
[BlackElo "1650"]
[PlyCount "60"]
[EventDate "2010.??.??"]

1. f4 f5 2. Nf3 d6 3. Nc3 Nf6 4. e3 g6 5. Bc4 Bg7 6. Ng5 d5 7. Bb3 e6 8. d4 Nc6
9. Bd2 Bd7 10. Qe2 Qe7 11. Ba4 Ne4 12. Ncxe4 fxe4 13. O-O-O Bf6 14. Nh3 O-O-O
15. Bxc6 Bxc6 16. g4 h6 17. Nf2 Rdg8 18. c4 g5 19. fxg5 Bxg5 20. Nh3 Rg7 21.
Nxg5 Qxg5 22. h3 Rf7 23. Rdf1 Rhf8 24. Rxf7 Rxf7 25. cxd5 Bxd5 26. h4 Qf6 27.
g5 hxg5 28. hxg5 Qf3 29. Rh8+ Kd7 30. Qxf3 exf3 0-1

[Event "Coupe Jean-Claude Loubatiere"]
[Site "Aurec"]
[Date "2010.12.05"]
[Round "1.4"]
[White "Allabrune, Guillaume"]
[Black "Benakila, Samir"]
[Result "0-1"]
[WhiteElo "1460"]
[BlackElo "1499"]
[PlyCount "85"]
[EventDate "2010.??.??"]

1. e4 d6 2. d4 Nf6 3. Nc3 g6 4. Bc4 Bg7 5. Nf3 O-O 6. O-O Nbd7 7. Bf4 Nh5 8.
Bg5 h6 9. Bh4 Bf6 10. Qd2 Kh7 11. g4 Bxh4 12. Nxh4 Ng7 13. f3 e6 14. Ng2 b6 15.
h3 c6 16. g5 h5 17. f4 d5 18. exd5 cxd5 19. Bb3 Ba6 20. Rfe1 Qc7 21. a3 b5 22.
a4 bxa4 23. Bxa4 Nb6 24. Bb5 Bxb5 25. Nxb5 Qd7 26. Qb4 Nc4 27. Rxa7 Rxa7 28.
Nxa7 Ra8 29. b3 Nd6 30. Ra1 Nc8 31. Qc5 Rxa7 32. Rxa7 Nxa7 33. c4 dxc4 34. bxc4
Nc6 35. d5 exd5 36. cxd5 Ne7 37. Ne3 Nef5 38. Nxf5 Nxf5 39. Qc6 Qe7 40. Qc1
Qa7+ 41. Kg2 Qa2+ 42. Kf1 Ng3+ 43. Kg1 0-1

[Event "Coupe Jean-Claude Loubatiere"]
[Site "Aurec"]
[Date "2010.12.05"]
[Round "1.1"]
[White "Djouder, Larbi"]
[Black "Mazet, Christian"]
[Result "1-0"]
[WhiteElo "1700"]
[BlackElo "1570"]
[PlyCount "39"]
[EventDate "2010.??.??"]

1. e4 c5 2. Nf3 Nc6 3. Bc4 e6 4. d4 cxd4 5. Nxd4 Bc5 6. Be3 Qb6 7. c3 Qxb2 8.
Nd2 Qxc3 9. Rc1 Qa5 10. N4b3 Qxa2 11. Nxc5 Qb2 12. O-O b6 13. Ncb3 Nge7 14. f4
Bb7 15. Rc2 Qf6 16. Nf3 O-O 17. Qd6 Ng6 18. Nfd4 Nxd4 19. Bxd4 Qe7 20. Ba6 1-0

[Event "Coupe Jean-Claude Loubatiere"]
[Site "Aurec"]
[Date "2010.12.05"]
[Round "1.2"]
[White "Peyssonneaux, Norbert"]
[Black "Langle, Karl"]
[Result "1/2-1/2"]
[WhiteElo "1499"]
[BlackElo "1490"]
[PlyCount "33"]
[EventDate "2010.??.??"]

1. c4 g6 2. Nc3 Bg7 3. Nf3 e5 4. g3 Ne7 5. Bg2 Nbc6 6. O-O O-O 7. d3 d6 8. Be3
Nf5 9. Bd2 Be6 10. e4 Nfd4 11. Qc1 a6 12. Bh6 Qf6 13. Bxg7 Kxg7 14. Qd1 h5 15.
Nd5 Bxd5 16. cxd5 h4 17. Rc1 1/2-1/2

[Event "Coupe Jean-Claude Loubatiere"]
[Site "Aurec"]
[Date "2010.12.05"]
[Round "1.3"]
[White "Liogier, Pascal"]
[Black "Daillere, Roland"]
[Result "1-0"]
[WhiteElo "1450"]
[BlackElo "1320"]
[PlyCount "101"]
[EventDate "2010.??.??"]

1. c4 e5 2. Nc3 Nf6 3. g3 Bb4 4. Bg2 c6 5. a3 Ba5 6. b4 Bc7 7. e3 d5 8. cxd5
cxd5 9. Nge2 O-O 10. O-O e4 11. Nd4 Nc6 12. Nce2 Be5 13. Rb1 Bg4 14. Bb2 Nxd4
15. exd4 Bd6 16. h3 Bh5 17. Re1 Rc8 18. Qb3 Bg6 19. Qe3 h6 20. Rbc1 Qd7 21. Nf4
Bxf4 22. gxf4 Qf5 23. Rxc8 Rxc8 24. Bc3 Nh5 25. f3 Qxf4 26. fxe4 Qxe3+ 27. Rxe3
Re8 28. exd5 Rxe3 29. dxe3 Nf6 30. d6 Nd7 31. Bxb7 Kf8 32. e4 f6 33. a4 Kf7 34.
b5 Bh5 35. Bd5+ Ke8 36. Bc6 Bd1 37. a5 Bb3 38. e5 fxe5 39. dxe5 Kd8 40. Bxd7
Kxd7 41. b6 axb6 42. axb6 Bd5 43. Kf2 g5 44. Kg3 h5 45. Bd2 g4 46. hxg4 hxg4
47. Kxg4 Bb7 48. Kf5 Bc8 49. Kf6 Kc6 50. Be3 Kd5 51. d7 1-0

[Event "Coupe Jean-Claude Loubatiere"]
[Site "Aurec"]
[Date "2010.12.05"]
[Round "1.4"]
[White "Ducoulombier, Bertrand"]
[Black "Mialon, Franck"]
[Result "1-0"]
[WhiteElo "1390"]
[BlackElo "1440"]
[PlyCount "51"]
[EventDate "2010.??.??"]

1. e4 e5 2. Nf3 Nc6 3. Bb5 a6 4. Ba4 Nf6 5. O-O Bc5 6. h3 d6 7. Re1 O-O 8. c3
Be6 9. d4 Ba7 10. d5 Bxh3 11. dxc6 Qc8 12. gxh3 Qxh3 13. Nh2 Qg3+ 14. Kh1 Bxf2
15. Rf1 h5 16. Qf3 Qxf3+ 17. Nxf3 Nxe4 18. Kg2 Bb6 19. Nbd2 f5 20. cxb7 Rab8
21. Nc4 Rf6 22. Nh4 g5 23. Nxf5 Rxb7 24. Bc6 d5 25. Bxb7 dxc4 26. Bxe4 1-0

[Event "Coupe Jean-Claude Loubatiere"]
[Site "Aurec"]
[Date "2010.12.05"]
[Round "1.1"]
[White "Briancon, Jean-Philippe"]
[Black "Desassis, Maxence"]
[Result "0-1"]
[WhiteElo "1299"]
[BlackElo "1670"]
[PlyCount "42"]
[EventDate "2010.??.??"]

1. e4 c5 2. Nf3 Nc6 3. Nc3 d5 4. Bb5 Bd7 5. d3 Nf6 6. O-O g6 7. Be3 Bg7 8. Nxd5
a6 9. Bxc6 Bxc6 10. Nxf6+ Bxf6 11. c3 O-O 12. Qc2 Rc8 13. Bh6 Re8 14. Rfe1 b5
15. h3 b4 16. Rab1 bxc3 17. bxc3 Qc7 18. Ng5 Rb8 19. c4 Qa5 20. d4 Rxb1 21.
Qxb1 cxd4 0-1

[Event "Coupe Jean-Claude Loubatiere"]
[Site "Aurec"]
[Date "2010.12.05"]
[Round "1.2"]
[White "Desassis, Jean-Francois"]
[Black "Rasle, Jean-Michel"]
[Result "0-1"]
[WhiteElo "1570"]
[BlackElo "1620"]
[PlyCount "67"]
[EventDate "2010.??.??"]

1. d4 Nf6 2. Nf3 g6 3. Bg5 Ne4 4. Bh4 Bg7 5. e3 b6 6. Nbd2 d5 7. c4 c6 8. cxd5
cxd5 9. Qb3 h6 10. Bb5+ Kf8 11. Nxe4 dxe4 12. Nd2 Bb7 13. O-O Nd7 14. Bc4 Qe8
15. f3 g5 16. fxe4 Bf6 17. Bg3 Rh7 18. e5 Bh8 19. e6 Nf6 20. exf7 Qc6 21. d5
Nxd5 22. Bxd5 Qxd5 23. Qxd5 Bxd5 24. e4 Bc4 25. Kh1 Bxf7 26. Rab1 Rc8 27. Nf3
Be5 28. Nxe5 Ke8 29. Nxf7 Rxf7 30. Rxf7 Kxf7 31. Rf1+ Kg6 32. Be1 Rd8 33. Bc3
Rd3 34. g3 0-1

[Event "Coupe Jean-Claude Loubatiere"]
[Site "Aurec"]
[Date "2010.12.05"]
[Round "1.3"]
[White "Rasle, Corentin"]
[Black "Desassis, Gregoire"]
[Result "1/2-1/2"]
[WhiteElo "1460"]
[BlackElo "1580"]
[PlyCount "97"]
[EventDate "2010.??.??"]

1. d4 d5 2. c4 Nf6 3. Nc3 e6 4. Bg5 Bb4 5. Nf3 c6 6. e3 Qa5 7. Bxf6 gxf6 8. Qb3
b6 9. cxd5 cxd5 10. Bd3 Bd7 11. O-O O-O 12. Rac1 Rc8 13. a3 Bxc3 14. Rxc3 Rxc3
15. Qxc3 Qxc3 16. bxc3 b5 17. Nd2 Na6 18. Nb3 Rc8 19. Rc1 Nc7 20. Nc5 Bc6 21.
Kf1 Ne8 22. Ke2 Nd6 23. Ra1 h6 24. a4 Kg7 25. axb5 Nxb5 26. Kd2 Rb8 27. Kc2 Ra8
28. f3 f5 29. c4 dxc4 30. Bxc4 Nd6 31. Bd3 a5 32. Na4 Rd8 33. Kd2 Kf6 34. Nc5
Rg8 35. Bf1 Bb5 36. g4 Bxf1 37. Rxf1 Ra8 38. Ra1 h5 39. Kd3 Kg5 40. Ke2 $11 h4
41. Kf2 h3 42. Ke2 Rb8 43. Nd3 Nc4 44. Ra4 Nb2 45. Ra2 Nxd3 46. Kxd3 Rb5 47.
Kc4 Rb4+ 48. Kc3 Rb5 49. Kc4 $11 1/2-1/2

[Event "Coupe Jean-Claude Loubatiere"]
[Site "Aurec"]
[Date "2010.12.05"]
[Round "1.4"]
[White "Desassis, Emmeran"]
[Black "Lebrun, Enzo"]
[Result "0-1"]
[WhiteElo "1140"]
[BlackElo "1299"]
[PlyCount "40"]
[EventDate "2010.??.??"]

1. d4 e6 2. Nc3 d5 3. Bf4 c5 4. Nb5 Qa5+ 5. c3 Qxb5 6. e3 Qxb2 7. Qb1 Qxc3+ 8.
Ke2 Nc6 9. Qc1 cxd4 10. Qxc3 dxc3 11. g3 Nf6 12. Bg2 Bb4 13. Nf3 b6 14. Rac1
Ba6+ 15. Ke1 c2+ 16. Nd2 Bd3 17. Bf1 Bxf1 18. Kxf1 Bxd2 19. Rxc2 Ne4 20. Rb2
Ne5 0-1

[Event "Coupe Jean-Claude Loubatiere"]
[Site "Aurec"]
[Date "2010.12.05"]
[Round "1.1"]
[White "Carteron, Olivier"]
[Black "Febvret, Olivier"]
[Result "1-0"]
[WhiteElo "1630"]
[BlackElo "1499"]
[PlyCount "36"]
[EventDate "2010.??.??"]

1. d4 d5 2. Nf3 Nf6 3. c4 e6 4. Nc3 Nc6 5. Bg5 Be7 6. e4 h6 7. Bh4 b6 8. Bd3
dxe4 9. Bxe4 Bb7 10. O-O O-O 11. Qe2 Nb4 12. Rac1 Nbd5 13. Bd3 Nxc3 14. bxc3
Ne4 15. Bxe7 Qxe7 16. Nd2 Nxd2 17. Qxd2 Qg5 18. f4 Qg4 1-0

[Event "Coupe Jean-Claude Loubatiere"]
[Site "Aurec"]
[Date "2010.12.05"]
[Round "1.2"]
[White "Langle, Axelle"]
[Black "Joly, Christian"]
[Result "0-1"]
[WhiteElo "1110"]
[BlackElo "1500"]
[PlyCount "61"]
[EventDate "2010.??.??"]

1. c4 g6 2. Nc3 Bg7 3. g3 Nf6 4. Bg2 O-O 5. Nf3 c6 6. O-O d5 7. b3 Ne4 8. Qc2
Nxc3 9. Bb2 Nxe2+ 10. Kh1 Bf5 11. Qd1 Bxb2 12. Qxe2 Bxa1 13. Rxa1 dxc4 14. Qxc4
Nd7 15. Re1 Rc8 16. Qh4 f6 17. Qc4+ Kg7 18. Qh4 e5 19. Bh3 Bxh3 20. Qxh3 Qa5
21. Qxd7+ Kg8 22. Re4 Qd5 23. Qg4 f5 24. Qh3 Qxe4 25. g4 fxg4 26. Qg3 Qxf3+ 27.
Qg2 Rcd8 28. Kg1 Rxd2 29. Qf1 Rxf2 30. Qg2 Qd1+ 31. Qf1 0-1

[Event "Coupe Jean-Claude Loubatiere"]
[Site "Aurec"]
[Date "2010.12.05"]
[Round "1.3"]
[White "D'Elia, Stephane"]
[Black "Coulomb, Marc"]
[Result "1-0"]
[WhiteElo "1330"]
[BlackElo "1240"]
[PlyCount "73"]
[EventDate "2010.??.??"]

1. e4 e5 2. Nf3 Nc6 3. c3 Nf6 4. d4 Nxe4 5. d5 Nb4 6. cxb4 Bxb4+ 7. Bd2 Bxd2+
8. Nbxd2 Nxd2 9. Qxd2 d6 10. Bb5+ Bd7 11. Bxd7+ Qxd7 12. O-O O-O 13. Rae1 Rae8
14. Qc2 c6 15. Rd1 cxd5 16. Rxd5 Re6 17. Ng5 Rg6 18. Ne4 Qf5 19. Qd3 Qg4 20.
Ng3 Qb4 21. Qc3 Qa4 22. Qb3 Qc6 23. Nf5 Qd7 24. Ng3 Qc7 25. Rfd1 a6 26. Ne4 Rd8
27. Qa3 h6 28. g3 Rd7 29. Rxd6 Rdxd6 30. Nxd6 Qc2 31. Qd3 Qxb2 32. Nf5 Rf6 33.
Rd2 Qc1+ 34. Rd1 Qb2 35. Ne7+ Kh8 36. Qd8+ Kh7 37. Qg8# 1-0

[Event "Coupe Jean-Claude Loubatiere"]
[Site "Aurec"]
[Date "2010.12.05"]
[Round "1.4"]
[White "Laffin, Mickael"]
[Black "Ben Habchi, Nordine"]
[Result "1-0"]
[WhiteElo "1110"]
[BlackElo "1490"]
[PlyCount "55"]
[EventDate "2010.??.??"]

1. e4 c6 2. Nf3 d5 3. d3 dxe4 4. Ng5 exd3 5. Bxd3 Qa5+ 6. Bd2 Qe5+ 7. Ne4 f5 8.
f3 fxe4 9. fxe4 Nf6 10. O-O Bg4 11. Qe1 Nbd7 12. Bf4 Qxb2 13. Nd2 e6 14. Nc4
Bc5+ 15. Kh1 Qb4 16. c3 Qa4 17. Nb2 Qa5 18. Nc4 Qd8 19. e5 Nd5 20. Rb1 b5 21.
Nb2 O-O 22. Qe4 Nxc3 23. Qxh7+ Kf7 24. Bg5+ Ke8 25. Bxd8 Rxd8 26. Qg6+ Ke7 27.
Qxg7+ Ke8 28. Bg6+ 1-0

[Event "Coupe Jean-Claude Loubatiere"]
[Site "Aurec"]
[Date "2010.12.05"]
[Round "2.1"]
[White "Carteron, Olivier"]
[Black "Djouder, Larbi"]
[Result "1/2-1/2"]
[WhiteElo "1630"]
[BlackElo "1700"]
[PlyCount "40"]
[EventDate "2010.??.??"]

1. d4 d5 2. Nf3 Nf6 3. c4 c6 4. Nc3 e6 5. Bg5 Be7 6. e3 Nbd7 7. cxd5 exd5 8.
Bd3 h6 9. Bh4 Nb6 10. O-O Bg4 11. h3 Bh5 12. g4 Bg6 13. Bxg6 fxg6 14. Ne5 g5
15. Bg3 O-O 16. a3 Nbd7 17. f4 c5 18. fxg5 hxg5 19. Qb3 Nb6 20. Rf5 c4 $11
1/2-1/2

[Event "Coupe Jean-Claude Loubatiere"]
[Site "Aurec"]
[Date "2010.12.05"]
[Round "2.2"]
[White "Langle, Karl"]
[Black "Joly, Christian"]
[Result "0-1"]
[WhiteElo "1490"]
[BlackElo "1500"]
[Annotator "DEVILLE"]
[PlyCount "84"]
[EventDate "2010.??.??"]

1. f4 Nf6 2. b3 g6 3. Bb2 Bg7 4. Nf3 O-O 5. d3 d5 6. Nc3 c5 7. e3 b6 8. Qe2 Nc6
9. a3 Re8 10. h3 a5 11. Qf2 Ne4 12. Nxe4 Bxb2 13. Neg5 Bxa1 14. Qh4 h5 15. g4
Bc3+ 16. Kf2 f6 17. gxh5 fxg5 18. Nxg5 Qd6 19. hxg6 (19. h6 Qf6 20. h7+ Kh8 21.
Qh6 Qg7 22. Qh4 Qf6 23. Qg4 Qf5 24. Qxf5 gxf5 25. h4) 19... Qxg6 20. Rg1 Bf6
21. Ke2 Bf5 22. Bg2 e6 23. Bf3 Ra7 24. Bh5 Rh7 25. Bxg6 Rxh4 26. Bxe8 Ne7 27.
Nxe6+ Kh8 28. Ng5 Bxg5 29. fxg5 Kg7 30. Kd2 Rxh3 31. a4 Ng6 32. Bc6 Ne5 33.
Bxd5 Nf3+ 34. Bxf3 Rxf3 35. Ke2 Rh3 36. Kf2 Rh2+ 37. Rg2 Rxg2+ 38. Kxg2 Kg6 39.
c3 Bxd3 40. Kf3 Bc2 41. Kf4 Bxb3 42. e4 Bxa4 0-1

[Event "Coupe Jean-Claude Loubatiere"]
[Site "Aurec"]
[Date "2010.12.05"]
[Round "2.3"]
[White "D'Elia, Stephane"]
[Black "Liogier, Pascal"]
[Result "1/2-1/2"]
[WhiteElo "1330"]
[BlackElo "1450"]
[PlyCount "138"]
[EventDate "2010.??.??"]

1. e4 c5 2. c3 Nc6 3. d4 cxd4 4. cxd4 e6 5. Nf3 Nf6 6. Bg5 Qa5+ 7. Bd2 Bb4 8.
Bd3 O-O 9. O-O Bxd2 10. Nbxd2 d6 11. Nc4 Qc7 12. e5 dxe5 13. dxe5 Ng4 14. Re1
b5 15. Nd6 Ncxe5 16. Nxe5 Nxe5 17. Rxe5 Rd8 18. Bxh7+ Kxh7 19. Qh5+ Kg8 20.
Nxc8 Raxc8 21. g3 a6 22. Rae1 Qa5 23. R5e4 Rd5 24. Qf3 Rf5 25. Qb3 Rc4 26. R4e3
Rf3 27. Kg2 Rxe3 28. Rxe3 Qd2 29. Rd3 Qe2 30. Rd8+ Kh7 31. Qf3 Qxf3+ 32. Kxf3
Rc2 33. Ra8 Rxb2 34. Rxa6 Kg6 35. Ke3 b4 36. h4 f6 37. Rb6 Rxa2 38. Rxb4 Ra5
39. f3 Ra3+ 40. Ke4 f5+ 41. Ke5 Re3+ 42. Kf4 Re1 43. Rb6 Kh6 44. g4 g6 45. g5+
Kh5 46. Kg3 Rg1+ 47. Kh2 Re1 48. Kg3 e5 49. Rb8 f4+ 50. Kh3 Rh1+ 51. Kg2 Rxh4
52. Rh8+ Kxg5 53. Rf8 Rh7 54. Rd8 Kf6 55. Rb8 Rc7 56. Rb6+ Kf5 57. Rb8 Rc2+ 58.
Kh3 Rc3 59. Kg2 Re3 60. Rf8+ Kg5 61. Re8 Kf6 62. Rf8+ Kg7 63. Re8 g5 64. Re7+
Kf6 65. Re8 Re2+ 66. Kf1 Kf7 67. Rc8 Rb2 68. Rc7+ Kf6 69. Rc6+ Kf5 1/2-1/2

[Event "Coupe Jean-Claude Loubatiere"]
[Site "Aurec"]
[Date "2010.12.05"]
[Round "2.4"]
[White "Mialon, Franck"]
[Black "Ben Habchi, Nordine"]
[Result "0-1"]
[WhiteElo "1440"]
[BlackElo "1490"]
[PlyCount "130"]
[EventDate "2010.??.??"]

1. e4 c6 2. d4 d5 3. exd5 cxd5 4. Nf3 Bg4 5. h3 Bxf3 6. Qxf3 Nf6 7. Bg5 Nbd7 8.
Bb5 e6 9. O-O Be7 10. Nc3 O-O 11. Ne2 a6 12. Ba4 b5 13. Bb3 Ne4 14. Bxe7 Qxe7
15. Ng3 Nd2 16. Qd3 Nxf1 17. Rxf1 Nf6 18. Re1 h6 19. Nf5 Qb4 20. c3 Qa5 21.
Nxh6+ Kh8 22. Ng4 Nxg4 23. hxg4 g6 24. Qh3+ Kg7 25. Qe3 Rh8 26. Qe5+ Kg8 27.
Re3 Re8 28. Qg5 Qd8 29. Qf4 Rh7 30. Bc2 Kg7 31. Rf3 Qe7 32. Qe5+ f6 33. Qe3
Reh8 34. Kf1 Rh1+ 35. Ke2 b4 36. g5 f5 37. Qe5+ Kg8 38. Qb8+ Kh7 39. Qf4 Kg7
40. Qe5+ Kf7 41. g4 Qxg5 42. gxf5 gxf5 43. Rg3 Qh5+ 44. Kd3 Rd1+ 45. Bxd1 Qxd1+
46. Ke3 Qe1+ 47. Kf3 Qe4+ 48. Qxe4 fxe4+ 49. Ke3 bxc3 50. bxc3 Rb8 51. Kf4 Rb2
52. Rg2 Rxa2 53. Rh2 Ra3 54. Ke5 Rxc3 55. Rh6 e3 56. fxe3 Rxe3+ 57. Kd6 a5 58.
Rh7+ Kg6 59. Ra7 Ra3 60. Kxe6 Ra4 61. Kxd5 Ra1 62. Ke6 a4 63. d5 a3 64. Ra8 a2
65. Rg8+ Kh7 0-1

[Event "Coupe Jean-Claude Loubatiere"]
[Site "Aurec"]
[Date "2010.12.05"]
[Round "2.1"]
[White "Minchilli, Franco"]
[Black "Briancon, Jean-Philippe"]
[Result "1-0"]
[WhiteElo "1690"]
[BlackElo "1299"]
[PlyCount "117"]
[EventDate "2010.??.??"]

1. e4 e5 2. Nf3 Nc6 3. Nc3 Nf6 4. Bc4 Bc5 5. O-O O-O 6. d3 d6 7. Bg5 Be6 8. Bd5
h6 9. Bh4 Rb8 10. a3 Nd4 11. Nxd4 Bxd4 12. Rb1 c6 13. Bxe6 fxe6 14. Ne2 Qc7 15.
Nxd4 exd4 16. c3 dxc3 17. bxc3 d5 18. exd5 cxd5 19. Bg3 e5 20. d4 Qxc3 21. dxe5
Nh7 22. Qxd5+ Kh8 23. Rfc1 Qxa3 24. e6 Nf6 25. Qd6 Qxd6 26. Bxd6 b6 27. Bxb8
Rxb8 28. Rc7 Kh7 29. Rxa7 b5 30. f4 Kg6 31. h3 h5 32. Rb3 b4 33. e7 Kf5 34. g3
Kg6 35. Ra6 Kf7 36. Ra7 Nd5 37. e8=Q+ Kxe8 38. Rxg7 Kf8 39. Rg5 Nf6 40. g4 hxg4
41. hxg4 Kf7 42. Kg2 Rb7 43. Kf3 Nh7 44. Rf5+ Kg6 45. Re5 Nf6 46. g5 Nh5 47.
Kg4 Ng7 48. f5+ Kf7 49. f6 Ne6 50. Re4 Nc5 51. Rexb4 Rxb4+ 52. Rxb4 Ne6 53.
Rb7+ Kg6 54. Rb6 Kf7 55. Kh5 Nf8 56. Kh6 Kg8 57. Rb8 Kf7 58. Rxf8+ Kxf8 59. Kh7
1-0

[Event "Coupe Jean-Claude Loubatiere"]
[Site "Aurec"]
[Date "2010.12.05"]
[Round "2.2"]
[White "Rasle, Jean-Michel"]
[Black "Doran, Niall"]
[Result "0-1"]
[WhiteElo "1620"]
[BlackElo "1480"]
[PlyCount "94"]
[EventDate "2010.??.??"]

1. d4 Nf6 2. c4 g6 3. Nc3 Bg7 4. Nf3 O-O 5. e4 d6 6. h3 a5 7. Be2 Na6 8. O-O c5
9. d5 Qe8 10. Bf4 Nh5 11. Bh2 Bh6 12. Re1 Nf4 13. a3 Bd7 14. Qc2 Rb8 15. e5 Bf5
16. Qd1 Qd7 17. Bf1 Nc7 18. Nh4 Ne8 19. Nxf5 Qxf5 20. exd6 exd6 21. Re4 Nf6 22.
g4 Nxh3+ 23. Bxh3 Qg5 24. Re1 Rfe8 25. Qf3 Qd2 26. Re2 Rxe2 27. Qxe2 Qg5 28.
Bxd6 Qh5 29. Qf3 Re8 30. Bxc5 Bg5 31. Bd6 h6 32. Bg3 Qxh3 33. Rd1 Nxg4 34. Ne4
Re5 35. Nxg5 hxg5 36. Qg2 Qh5 37. Bxe5 Nxe5 38. d6 Qxd1+ 39. Kh2 Qxd6 40. Kh1
Qc6 41. b3 Kg7 42. Kg1 Qxg2+ 43. Kxg2 Kf6 44. Kg3 Kf5 45. b4 axb4 46. axb4 Nxc4
47. f3 Nd6 0-1

[Event "Coupe Jean-Claude Loubatiere"]
[Site "Aurec"]
[Date "2010.12.05"]
[Round "2.3"]
[White "Schlick, Paul"]
[Black "Rasle, Corentin"]
[Result "1-0"]
[WhiteElo "1650"]
[BlackElo "1460"]
[PlyCount "85"]
[EventDate "2010.??.??"]

1. d4 Nf6 2. c4 g6 3. Nc3 d5 4. Bf4 Bg7 5. e3 O-O 6. Nb5 Na6 7. Nf3 Bg4 8. h3
Bf5 9. a3 c5 10. Bd3 Bxd3 11. Qxd3 Rc8 12. Nxa7 Ra8 13. Nb5 Rc8 14. O-O Nh5 15.
Bh2 dxc4 16. Qc3 Qb6 17. a4 Rfd8 18. Rfd1 Nb4 19. Ne5 Nd5 20. Qxc4 e6 21. b3
Nxe3 22. fxe3 cxd4 23. Qe2 dxe3 24. Nc4 Qc5 25. Rab1 Nf6 26. Nbd6 Rc6 27. Nxb7
Rxd1+ 28. Rxd1 Qa7 29. Rd8+ Bf8 30. Bd6 Qxb7 31. Rxf8+ Kg7 32. Qxe3 Qd7 33. a5
Rxd6 34. Nxd6 Kxf8 35. Qb6 Nd5 36. Qb8+ Kg7 37. a6 Qc6 38. Ne8+ Kh6 39. a7 Nb6
40. Qf4+ g5 41. Qf6+ Kh5 42. Ng7+ Kh4 43. Qd4+ 1-0

[Event "Coupe Jean-Claude Loubatiere"]
[Site "Aurec"]
[Date "2010.12.05"]
[Round "2.4"]
[White "Lebrun, Enzo"]
[Black "Allabrune, Guillaume"]
[Result "1/2-1/2"]
[WhiteElo "1299"]
[BlackElo "1460"]
[PlyCount "90"]
[EventDate "2010.??.??"]

1. e4 e5 2. f4 Nc6 3. Nf3 d6 4. Bc4 Nf6 5. Nc3 Be7 6. O-O Bg4 7. h3 Bh5 8. g4
Nxg4 9. hxg4 Bxg4 10. Bxf7+ Kxf7 11. Ng5+ Bxg5 12. fxg5+ Kg6 13. Qxg4 Qxg5 14.
Qxg5+ Kxg5 15. Rf5+ Kg6 16. d3 Nd4 17. Rg5+ Kf6 18. Nd5+ Kf7 19. Kg2 c6 20. Ne3
b5 21. Bd2 Ne2 22. Ng4 h6 23. Rf1+ Nf4+ 24. Bxf4 hxg5 25. Bxe5+ Ke6 26. Bxg7
Rh7 27. Rf6+ Ke7 28. Bh6 Rg8 29. Rf5 Ke6 30. Nf6 Rxh6 31. Nxg8 Rg6 32. Nh6 Rxh6
33. Rxg5 Rf6 34. Rg7 a5 35. Rg3 Ke5 36. Rf3 Rg6+ 37. Kf2 Rh6 38. Ke3 Rh2 39.
d4+ Ke6 40. Kd3 c5 41. dxc5 dxc5 42. b3 c4+ 43. bxc4 bxc4+ 44. Kxc4 Rxc2+ 45.
Kb3 Re2 1/2-1/2

[Event "Coupe Jean-Claude Loubatiere"]
[Site "Aurec"]
[Date "2010.12.05"]
[Round "2.1"]
[White "Desassis, Maxence"]
[Black "Boeuf, Jean-Julien"]
[Result "0-1"]
[WhiteElo "1670"]
[BlackElo "1420"]
[PlyCount "23"]
[EventDate "2010.??.??"]

1. d4 Nf6 2. Nf3 g6 3. Bg5 Bg7 4. e3 O-O 5. Bd3 d6 6. O-O Na6 7. c3 e5 8. Nbd2
Bd7 9. Qc2 Bc6 10. Ne4 Nxe4 11. Bxe4 h6 12. Bxd8 0-1

[Event "Coupe Jean-Claude Loubatiere"]
[Site "Aurec"]
[Date "2010.12.05"]
[Round "2.2"]
[White "Martin, Julien"]
[Black "Desassis, Jean-Francois"]
[Result "1-0"]
[WhiteElo "1410"]
[BlackElo "1570"]
[PlyCount "38"]
[EventDate "2010.??.??"]

1. e4 c5 2. Nf3 Nc6 3. Nc3 d6 4. d4 cxd4 5. Nxd4 Nf6 6. Bb5 Bd7 7. O-O e5 8.
Nxc6 bxc6 9. Be2 Be7 10. b3 O-O 11. Qd2 Be6 12. Qd3 Qc7 13. Qg3 Rfd8 14. Bg5 d5
15. Bd3 d4 16. Ne2 c5 17. c3 c4 18. bxc4 Bxc4 19. Bxc4 Qxc4 1-0

[Event "Coupe Jean-Claude Loubatiere"]
[Site "Aurec"]
[Date "2010.12.05"]
[Round "2.3"]
[White "Desassis, Gregoire"]
[Black "Piper, Stephane"]
[Result "1-0"]
[WhiteElo "1580"]
[BlackElo "1499"]
[PlyCount "56"]
[EventDate "2010.??.??"]

1. d4 f5 2. c4 Nf6 3. Nc3 Nc6 4. Nf3 e6 5. Bg5 h6 6. Bxf6 Qxf6 7. e3 Bb4 8. Qb3
Bxc3+ 9. Qxc3 b6 10. Be2 Bb7 11. O-O O-O 12. Qb3 e5 13. dxe5 Nxe5 14. Nxe5 Qxe5
15. Rfd1 d6 16. c5+ Kh8 17. cxb6 axb6 18. Qc2 f4 19. Qxc7 Qxb2 20. exf4 Qxe2
21. Qxb7 Rxa2 22. Qxb6 Rfa8 23. Rab1 Re8 24. Rf1 Ra4 25. Qxd6 Rc4 26. Qd1 Qa2
27. g3 Re2 28. Qb3 Qa8 1-0

[Event "Coupe Jean-Claude Loubatiere"]
[Site "Aurec"]
[Date "2010.12.05"]
[Round "2.4"]
[White "Benakila, Samir"]
[Black "Desassis, Emmeran"]
[Result "1-0"]
[WhiteElo "1499"]
[BlackElo "1140"]
[PlyCount "57"]
[EventDate "2010.??.??"]

1. e4 c5 2. c3 Nc6 3. d4 cxd4 4. cxd4 b6 5. Nf3 Nf6 6. e5 Ng4 7. Bc4 e6 8. h3
Nh6 9. O-O g6 10. Nc3 Na5 11. Bd3 Bb7 12. Nb5 Rc8 13. Nd6+ Bxd6 14. exd6 Nf5
15. Bg5 f6 16. Bf4 Rb8 17. Qe2 Qc8 18. Rac1 Nc6 19. d5 Nfd4 20. Nxd4 e5 21.
dxc6 dxc6 22. Bxe5 O-O 23. Bc4+ Kg7 24. Ne6+ Kf7 25. Qf3 c5 26. Qxf6+ Ke8 27.
Ng7+ Kd7 28. Qe6+ Kd8 29. Qe7# 1-0

[Event "Coupe Jean-Claude Loubatiere"]
[Site "Aurec"]
[Date "2010.12.05"]
[Round "2.2"]
[White "Langle, Axelle"]
[Black "Peyssonneaux, Norbert"]
[Result "0-1"]
[WhiteElo "1110"]
[BlackElo "1499"]
[PlyCount "56"]
[EventDate "2010.??.??"]

1. c4 e5 2. Nc3 Nf6 3. g3 d5 4. Bg2 dxc4 5. b3 cxb3 6. Qxb3 c6 7. Nf3 Nbd7 8.
O-O Qb6 9. Qc4 Be7 10. Ng5 O-O 11. Nce4 Nxe4 12. Qxe4 Bxg5 13. Qf5 Bf6 14. Ba3
Re8 15. Rab1 Qa5 16. Rb3 Nc5 17. Qh5 Nxb3 18. Be4 g6 19. Qf3 Nxd2 20. Qxf6 Nxe4
21. Qh4 Qxa3 22. Qxe4 Bf5 23. Qc4 Be6 24. Qh4 Qxa2 25. Qh6 Qxe2 26. Rc1 Bd5 27.
Rf1 Qf3 28. Qh3 Qh1# 0-1